00505nam a2200193 a 4500001001300000003000900013005001700022008004100039020001000080082001600090100002300106245003300129260004200162300000900204500003500213505001000248650003000258700002300288nice12345678IN_TiNIC20260116013114.0050524s1943 loua grp 000 0 eng  ac10000a230.41bKER aKerr, Hugh Thomson aCompend of Luther`s Theology aLouisvillebWestminister Press c1943 a253p aincludes index and biblioraphy2 aIndex aLutheran Church-Doctrines1 aKerr, Hugh Thomson